000
00341nam a22001457a 4500
008
230629b ||||| |||| 00| 0 eng d
020
_a
9781284078107
041
_a
eng
080
_a
610.73
082
_a
610.73LEW
100
_a
7
101
_a
INF
245
_a
PRACTICING PRIMARY HEALTH CARE IN NURSING
_c
LEWENSON.B.S
942
_2
udc
_c
BK
999
_c
60059
_d
60059